ساحر لد ھيا نو ی : حيا ت و ا متيا ز (Record no. 176551)
[ view plain ]
| 000 -LEADER | |
|---|---|
| fixed length control field | 00733nam a22001937a 4500 |
| 005 - DATE AND TIME OF LATEST TRANSACTION | |
| control field | 20210128110532.0 |
| 010 ## - LCCN (DPL NO) | |
| LC control number | UR-10990 |
| 020 ## - INTERNATIONAL STANDARD BOOK NUMBER | |
| Terms of availability | 225.00 |
| International Standard Book Number | 978812378952-1 |
| 035 ## - SYSTEM CONTROL NUMBER | |
| System control number | U-9545 |
| 037 ## - SOURCE OF ACQUISITION | |
| Source of stock number/acquisition | DBAD/PUB |
| 082 ## - DEWEY DECIMAL CLASSIFICATION NUMBER | |
| Classification number | 841 |
| 100 ## - MAIN ENTRY--PERSONAL NAME | |
| Personal name | ظفر ا عجا ز عبا سی خر م |
| 245 ## - TITLE STATEMENT | |
| Title | ساحر لد ھيا نو ی : حيا ت و ا متيا ز |
| Statement of responsibility, etc | ظفر ا عجا ز عبا سی خر م |
| 246 ## - VARYING FORM OF TITLE | |
| Remainder of title | Sahir Ludhyanvi :Hyat-o-Imtiaz (Urdu) |
| Title proper/short title | by Zafar Ayjaz Abbasi khurram |
| 260 ## - PUBLICATION, DISTRIBUTION, ETC. (IMPRINT) | |
| Place of publication, distribution, etc | Delhi |
| Name of publisher, distributor, etc | Director National book Trust India |
| Date of publication, distribution, etc | 2020 ء |
| 270 ## - ADDRESS | |
| Address | Neru Bhawan,5 Institutional Area , Fiz-11,Vasant kunj, |
| City | N . Delhi |
| Postal code | 70 |
| Fax number | - |
| 300 ## - PHYSICAL DESCRIPTION | |
| Extent | 185 ص |
| Dimensions | 22 Cm(Hb) |
| 942 ## - ADDED ENTRY ELEMENTS (KOHA) | |
| Source of classification or shelving scheme | Dewey Decimal Classification |
| Item type | Urdu Bks |
| Classification part | 841 |
| Call number suffix | س ا ح |
| Withdrawn status | Lost status | Not for loan | Collection code | Home library | Current library | Date acquired | Source of acquisition | Cost, normal purchase price | Full call number | Barcode | Copy number | Cost, replacement price | Koha item type |
|---|---|---|---|---|---|---|---|---|---|---|---|---|---|
| Non-fiction | D.B.Act.Division | D.B.Act.Division | 06/01/2021 | DBAD/PUB | 225.00 | 841 س ا ح | U-9545 | 1 | 225.00 | Urdu Bks |
